000 00402cam a2200169ua 4500
020 _c4.50
041 _ahin
_h
082 _a891.54
_bRAG/AR
100 _aRaghuvamsh, .
245 _aArathaheen /
_cRaghuvamsh.
_hTextual Documents
260 _aNew Delhi :
_bNational Publishing House ,
_c1962.
300 _a237 ; .
365 _a4.50
504 _a
942 _cBK
999 _c8111
_d8111